1579 1336 1698 1486 1521 1029 1814 1860 1435 1567 1215 1486 1581 1129 1379 1201 1474 1846 1803 1457 1064 1167 1756 1183 1224 1087 1253 1393 1811 1837 1158 1147 1575 1806 1324 1702 1748 1267 1896 1695 1200 1560 1354 1287 1476 1355 1162 1267 1495 1115 1334 1207 1686 1587 1925 1703 1062 1578 1215 1583 1989 1325 1441 1888 1665 1755 1820 1082 1437 1088 1950 1487 1052 1430 1930 1960 1952 1069 1878 1328 1960 1541 1045 1285 1292 1845 1164 1255 1395 1484 1698 1243 1728 1041 1269 1147 1451 1008 1312 BCNSPRNW ULIB Ver.6.0+V

เปลี่ยนเป็นภาษาไทย

Change to English
 แสดงรายละเอียดบรรณานุกรม
  กลับหน้าหลัก

Brief Record : Get Marc (ISO 2709) : E-mail record : QR code < ปิดหน้าต่าง
LEADER : 00000nam 2200000uu 4500
001    13399115097
003     ULIB
008    120709s2551||||th 000 0 tha d
020    ^a9789747706604
090    ^aนว.^bล699ค 2551
100 0  ^aลูกชุบ
245 00 ^aคีย์รัก จังหวะหัวใจ เล่ม 2/^cลูกชุบ
250    ^aพิมพ์ครั้งที่ 1
260    ^aกรุงเทพฯ :^bแจ่มใส,^c2551
300    ^a223 หน้า
710 1  ^aแจ่มใส
945    ^p0^l0^i14814
995    ^aกัณชพร
999    ^aใช้งานได้ทุกระบบ
รายการนี้ยังไม่มีแท็ก
คุณยังไม่ได้ล็อกอิน คุณสามารถมีกิจกรรมร่วมกับเว็บไซต์ได้ แต่ต้องล็อกอินก่อน ::
  ล็อกอิน

รายการสื่อสารสนเทศ

ลำดับที่ ประเภท เลขเรียก/บาร์โค้ด สถานที่ สถานะ
1. นวนิยาย
นวนิยาย
นว. ล699ค 2551  
  Barcode: 14814
ห้องสมุดวิทยาเขตสวรรค์ประชารักษ์
►นวนิยาย
บนชั้น
  ขอยืม

รายการใกล้เคียง
    ผู้แต่ง [ลูกชุบ]

BibComment


ยังไม่เคยถูกคอมเมนท์

คอมเมนท์ทรัพยากรรายการนี้
  คอมเมนท์: คีย์รัก จังหวะหั..


 Copyright 2026. Bcnsprnw @Library